• 首页
  • 本馆介绍
  • 公告通知
  • 最新文献
  • 馆藏检索
  • 电子资源
  • 读者导购
  • 参考咨询
  • 我的图书馆
  • 登录
  • 详细信息显示
  • 放入我的书架
  • 预约/预借图书
  • 作者相关作品
  • 分类相关作品
  • 丛书相关作品
  • 出版社相关作品

书目信息

  • 表格格式
  • 工作单格式
  • 卡片格式
题名:
冲突经济学
    
 
作者: 陈波 , 郝朝艳 著
分册:  
出版信息: 北京   中国人民大学出版社  2016
页数: 173页
开本: 24cm
丛书名:
单 册:
中图分类: E0-054
科图分类:
主题词: 国防经济学--guo fang jing ji xue--研究
电子资源:
ISBN: 978-7-300-22591-3
000 01014nam0 22002531 450
001 0109172415
005 20170309172415.0
010    @a978-7-300-22591-3@dCNY48.00
100    @a20160704d2016 em y0chiy50 ea
101 0  @achi
102    @aCN@b110000
105    @ay z 000yy
106    @ar
200 1  @a冲突经济学@9chong tu jing ji xue@e理论、模型与前沿@f陈波,郝朝艳著
210    @a北京@c中国人民大学出版社@d2016
215    @a173页@d24cm
300    @a2010年度教育部人文社会科学研究青年基金项目“冲突经济学:一种新的研究视野及其最新研究进展”资助
330    @a本书围绕与经济和社会发展紧密相关的议题,介绍了该领域最新的研究进展。书中分析的对象是“宏观冲突”,即国家间、国家内和超国家冲突。最主要的目的是介绍冲突与经济和社会发展研究中的新成果、新方法和新视角。
606 0  @a国防经济学@9guo fang jing ji xue@x研究
690    @aE0-054@v5
701  0 @a陈波@9chen bo@f(1971-)@4著
701  0 @a郝朝艳@9hao chao yan@c(女,@f1977-)@4著
801  0 @aCN@bTANGWEI@c20170308
905    @b0953268-71@dE0-054@e24@f4
    
    冲突经济学:理论、模型与前沿/陈波,郝朝艳著.-北京:中国人民大学出版社,2016
    173页;24cm
    2010年度教育部人文社会科学研究青年基金项目“冲突经济学:一种新的研究视野及其最新研究进展”资助
    
    ISBN 978-7-300-22591-3:CNY48.00
    本书围绕与经济和社会发展紧密相关的议题,介绍了该领域最新的研究进展。书中分析的对象是“宏观冲突”,即国家间、国家内和超国家冲突。最主要的目的是介绍冲突与经济和社会发展研究中的新成果、新方法和新视角。
●
相关链接 在E读中查询图书 在五车中查询图书 在当当中查询图书 在豆瓣中查询图书


正题名:冲突经济学     索取号:E0-054/24         预约/预借

序号 登录号 条形码 馆藏地/架位号 状态 备注
1 0953268   209532683   第一样本阅览室/ [索取号:E0-054/24] 在馆    
2 0953269   209532692   第一借阅区/ [索取号:E0-054/24] 在馆    
3 0953270   209532709   第一借阅区/ [索取号:E0-054/24] 在馆    
4 0953271   209532718   密集书库-海洋学院/ [索取号:E0-054/24] 在馆    
唐山师范学院图书馆 欢迎您!
大连网信软件有限公司© 版权所有